00847 2200181 4500001002100000005001500021035002000036007000300056008004100059020000600100082001200106084001800118245030100136260009800437300002800535650002200563110008000585INLIS00000000000461620260511074145 a0010-0526000030ta260511 g 0 ind  a- a348.598 a348.598 KEM p1 aPeraturan Menteri Pemberdayaan Perempuan dan Perlindungan Anak Republik indonesia Nomor 9 Tahun 2016, Tentang Pedoman Numenklatur Perangkat Daerah Bidang Pemberdayaan Perempuan dan Perlindungan Anak /cKementerian Pemberdayaan Perempuan dan Perlindungan Anak Republik Indonesia (Penanggung Jawab) aJakarta :bKementerian Pemberdayaan Perempuan dan Perlindungan Anak Republik Indonesia,c2016 a104 Hal :bTeks ;c21cm 4aPeraturan Menteri0 aKementerian Pemberdayaan Perempuan dan Perlindungan Anak Republik Indonesia